000 00258nam a22001217a 4500
008 171005b xxu||||| |||| 00| 0 eng d
041 _aeng
080 _a159.9
100 _a49
101 _aPSI
245 _aSTOP DEPRESSION NOW
_cBROWN,R
942 _2udc
_cBK
999 _c32000
_d32000